000 00317nam a22001337a 4500
008 170526b xxu||||| |||| 00| 0 eng d
020 _a012175460
041 _aeng
080 _a621.3
100 _a25
101 _aIM
245 _aAC POWER CONDITIONERS DEISIGN AND APPLICATIONS
_cCLARK.J.W
942 _2udc
_cBK
999 _c14321
_d14321